[Event "Nuremberg Zabo op 23rd"]
[Site "Nuremberg"]
[Date "2023.09.17"]
[Round "4"]
[White "Heimrath, Reiner"]
[Black "Loew, Gerald"]
[Result "1/2-1/2"]
[WhiteElo "2161"]
[BlackElo "2147"]
[PlyCount "111"]
[EventDate "2023.09.15"]
[EventType "swiss"]
[EventRounds "5"]
[EventCountry "GER"]
[SourceTitle "EXT 2024"]
[Source "ChessBase"]
[SourceDate "2023.10.10"]
[SourceVersion "1"]
[SourceVersionDate "2023.10.10"]
[SourceQuality "1"]

1. e4 d5 2. Nc3 d4 3. Nce2 e5 4. Ng3 Be6 5. c3 c5 6. Bb5+ Nc6 7. Nf3 f6 8. d3 Bd6 9. Nf5 Kf7 10. Ba4 g6 11. Nxd6+ Qxd6 12. Bb3 h5 13. cxd4 cxd4 14. 0-0 Nge7 15. Nd2 g5 16. Nc4 Qd7 17. h4 Rag8 18. hxg5 fxg5 19. Qf3+ Ke8 20. Qf6 Rf8 21. Qxg5 Rfg8 22. Qf6 Bxc4 23. Bxc4 Qh3 24. Bg5 Qg4 25. f4 exf4 26. Bf7+ Kd7 27. e5 Kc7 28. Qd6+ Kb6 29. Rac1 Qxg5 30. Qc5+ Kc7 31. Qd6+ Kb6 32. Qc5+ Kc7 33. Bxg8 Rxg8 34. Rc2 Kb8 35. Qd6+ Ka8 36. e6 Qg3 37. Rxf4 Qxd3 38. Rcf2 Qe3 39. Kh1 a6 40. Rf8+ Rxf8 41. Rxf8+ Ka7 42. Qc5+ b6 43. Qd6 Qe1+ 44. Kh2 Qe5+ 45. Qxe5 Nxe5 46. Rd8 N5c6 47. Rd7+ Kb8 48. Kh3 Nf5 49. g4 hxg4+ 50. Kxg4 Nfe7 51. Kg5 Kc8 52. Kf6 b5 53. a3 Kb8 54. Kf7 Kc8 55. Kf6 Kb8 56. Kf7 1/2-1/2

[Event "Nuremberg Zabo op 23rd"]
[Site "Nuremberg"]
[Date "2023.09.17"]
[Round "5"]
[White "Koenig, Oliver"]
[Black "Heimrath, Reiner"]
[Result "1-0"]
[WhiteElo "2011"]
[BlackElo "2161"]
[PlyCount "79"]
[EventDate "2023.09.15"]
[EventType "swiss"]
[EventRounds "5"]
[EventCountry "GER"]
[SourceTitle "EXT 2024"]
[Source "ChessBase"]
[SourceDate "2023.10.10"]
[SourceVersion "1"]
[SourceVersionDate "2023.10.10"]
[SourceQuality "1"]

1. Nc3 d5 2. d4 Nf6 3. Bf4 e6 4. Nb5 Na6 5. e3 Be7 6. Nf3 c6 7. Nc3 Qb6 8. Rb1 c5 9. Nb5 c4 10. a4 Nh5 11. Be5 f6 12. Nd2 g6 13. g4 fxe5 14. gxh5 exd4 15. exd4 Bd7 16. Nf3 Bxb5 17. axb5 Nc7 18. Ne5 Bf6 19. Bg2 Nxb5 20. c3 Bxe5 21. dxe5 0-0 22. 0-0 Rf5 23. hxg6 hxg6 24. Qg4 Kg7 25. Kh1 Raf8 26. f4 Qc7 27. Rf3 Qf7 28. Rbf1 Rh8 29. Rg3 Rfh5 30. h3 Nc7 31. Bf3 Rh4 32. Qg5 Rxf4 33. Kh2 Rf8 34. Rfg1 Kh7 35. Rg4 Rxg4 36. Rxg4 Kg7 37. Rh4 Rh8 38. Rf4 Qd7 39. Qf6+ Kg8 40. Qf8+ 1-0

[Event "Nuremberg Zabo op 23rd"]
[Site "Nuremberg"]
[Date "2023.09.15"]
[Round "1"]
[White "Albayrak, Nese Pinar"]
[Black "Heimrath, Reiner"]
[Result "0-1"]
[WhiteElo "1904"]
[BlackElo "2161"]
[PlyCount "62"]
[EventDate "2023.09.15"]
[EventType "swiss"]
[EventRounds "5"]
[EventCountry "GER"]
[SourceTitle "EXT 2024"]
[Source "ChessBase"]
[SourceDate "2023.10.10"]
[SourceVersion "1"]
[SourceVersionDate "2023.10.10"]
[SourceQuality "1"]

1. e4 e5 2. Nf3 Nc6 3. Bb5 f5 4. d3 Nf6 5. Nbd2 fxe4 6. dxe4 Bc5 7. Qe2 Qe7 8. c3 0-0 9. 0-0 a6 10. Ba4 Kh8 11. b4 Ba7 12. Bb3 Nh5 13. Nc4 Nf4 14. Bxf4 Rxf4 15. Ne3 Rf8 16. Nf5 Qf6 17. a4 d6 18. Ne3 Ne7 19. b5 Bc5 20. Rfb1 Qf4 21. Nd5 Nxd5 22. Bxd5 a5 23. Ra2 Qg4 24. h3 Qh5 25. Ne1 Qg6 26. Kh1 Qh6 27. Kh2 Bb6 28. Nd3 Rb8 29. c4 Bd7 30. Rab2 Bd4 31. Rb3 Rf6 0-1

[Event "BL2-Ost 2223"]
[Site "Germany"]
[Date "2023.02.05"]
[Round "6.8"]
[White "Casper, Thomas"]
[Black "Heimrath, Reiner"]
[Result "1-0"]
[WhiteElo "2349"]
[BlackElo "2187"]
[PlyCount "75"]
[EventDate "2022.10.22"]
[EventType "team-tourn"]
[EventRounds "10"]
[EventCountry "GER"]
[SourceTitle "EXT 2024"]
[Source "ChessBase"]
[SourceDate "2023.10.10"]
[SourceVersion "1"]
[SourceVersionDate "2023.10.10"]
[SourceQuality "1"]
[WhiteTeam "Erfurt"]
[BlackTeam "Nuernberg NT"]
[WhiteTeamCountry "GER"]
[BlackTeamCountry "GER"]

1. e4 c6 2. d4 d5 3. Nc3 g6 4. h3 Bg7 5. Nf3 Nf6 6. Bd3 dxe4 7. Nxe4 Nxe4 8. Bxe4 Nd7 9. c3 0-0 10. 0-0 Nf6 11. Bc2 Be6 12. Re1 Rc8 13. Rxe6 fxe6 14. Ng5 Qd7 15. Qe2 Nd5 16. Nxe6 Rf6 17. Nc5 Qc7 18. Bg5 Rf7 19. Ne6 Qd7 20. Bh4 Bf6 21. Bg3 b6 22. Re1 Kh8 23. h4 c5 24. h5 g5 25. dxc5 bxc5 26. Bb3 Qc6 27. Bc4 Nb6 28. Nxg5 Rg7 29. Nf7+ Rxf7 30. Bxf7 Rd8 31. Be5 Kg7 32. Bxf6+ exf6 33. Qe7 Rd7 34. h6+ Kxh6 35. Qf8+ Kg5 36. Qg7+ Kf5 37. Qxh7+ Kf4 38. g3+ 1-0

[Event "Heusenstamm Schloss op"]
[Site "Heusenstamm"]
[Date "2022.11.20"]
[Round "7"]
[White "Heimrath, Reiner"]
[Black "Nemitz, Alfred"]
[Result "1-0"]
[WhiteElo "2187"]
[BlackElo "1802"]
[PlyCount "55"]
[EventDate "2022.11.17"]
[EventType "swiss"]
[EventRounds "7"]
[EventCountry "GER"]
[SourceTitle "CBM 211 Extra"]
[Source "ChessBase"]
[SourceDate "2023.01.31"]
[SourceVersion "1"]
[SourceVersionDate "2023.01.31"]
[SourceQuality "1"]

1. e4 e5 2. d4 exd4 3. Bc4 Nc6 4. Nf3 Bc5 5. c3 Nf6 6. b4 Be7 7. b5 Na5 8. Bd3 dxc3 9. e5 Nd5 10. Be4 Nb6 11. Qd4 a6 12. Nxc3 0-0 13. Bc2 d6 14. Bh6 dxe5 15. Qe3 Nac4 16. Qc1 gxh6 17. Qxh6 f5 18. Bb3 Bb4 19. 0-0 Bxc3 20. Rac1 Qf6 21. Qh5 e4 22. Ng5 h6 23. Rxc3 Qxg5 24. Rg3 Qxg3 25. fxg3 Kg7 26. g4 Ne3 27. g5 Ng4 28. h3 1-0

[Event "Heusenstamm Schloss op"]
[Site "Heusenstamm"]
[Date "2022.11.20"]
[Round "6"]
[White "Spriestersbach, Kai"]
[Black "Heimrath, Reiner"]
[Result "1/2-1/2"]
[WhiteElo "2050"]
[BlackElo "2187"]
[PlyCount "102"]
[EventDate "2022.11.17"]
[EventType "swiss"]
[EventRounds "7"]
[EventCountry "GER"]
[SourceTitle "CBM 211 Extra"]
[Source "ChessBase"]
[SourceDate "2023.01.31"]
[SourceVersion "1"]
[SourceVersionDate "2023.01.31"]
[SourceQuality "1"]

1. e4 e5 2. Nf3 Nc6 3. Bb5 f5 4. d3 Nf6 5. 0-0 Bc5 6. exf5 0-0 7. Bg5 d6 8. Bxc6 bxc6 9. d4 exd4 10. Nxd4 Bxd4 11. Qxd4 Qe8 12. Nd2 Bxf5 13. Rae1 Qg6 14. Bxf6 Rxf6 15. Re3 Raf8 16. c3 c5 17. Qd5+ Be6 18. Qb7 Qf7 19. Ne4 Rf5 20. f3 Bxa2 21. Qxa7 Bd5 22. Qa4 Re5 23. Rfe1 h6 24. Ng3 Rxe3 25. Rxe3 Ra8 26. Qd1 Bc6 27. Qe1 Qf6 28. Re7 Ra1 29. Re8+ Bxe8 30. Qxa1 Qe6 31. Kf2 Qb3 32. Qc1 Bg6 33. Qd2 Kh7 34. Ne2 Bc2 35. Qc1 Kh8 36. Kg3 Bf5 37. Qd2 Qc4 38. Qf4 Qe6 39. Qd2 Qe5+ 40. Qf4 Qe6 41. Qd2 Bb1 42. Kf2 Qe5 43. h3 Qe6 44. Kg3 Qb3 45. Nc1 Qb5 46. Ne2 Bd3 47. Nf4 c4 48. Kf2 Qb6+ 49. Kg3 Qb5 50. Kf2 Qb6+ 51. Kg3 Qb5 1/2-1/2

[Event "Oberliga Bayern 2122"]
[Site "Bayern"]
[Date "2022.06.26"]
[Round "3.7"]
[White "Kobl, Rudolf"]
[Black "Heimrath, Reiner"]
[Result "1-0"]
[WhiteElo "2114"]
[BlackElo "2212"]
[PlyCount "103"]
[EventDate "2021.10.24"]
[EventType "team-tourn"]
[EventRounds "9"]
[EventCountry "GER"]
[SourceTitle "EXT 2024"]
[Source "ChessBase"]
[SourceDate "2023.10.10"]
[SourceVersion "1"]
[SourceVersionDate "2023.10.10"]
[SourceQuality "1"]
[WhiteTeam "Pang/Rosenheim"]
[BlackTeam "Nuernberg NT"]
[WhiteTeamCountry "GER"]
[BlackTeamCountry "GER"]

1. e4 e5 2. Nf3 Nc6 3. Bc4 Nf6 4. Ng5 d5 5. exd5 Nd4 6. c3 Nf5 7. 0-0 Bd6 8. d4 exd4 9. Re1+ Kf8 10. Nf3 c5 11. dxc6 Qc7 12. Qe2 b5 13. Bxb5 Be6 14. h3 Re8 15. Qd3 Re7 16. cxd4 Nd5 17. a3 a6 18. Bxa6 Qxc6 19. Bb5 Qa8 20. Nc3 Rc7 21. Ng5 Nh4 22. Nxe6+ fxe6 23. Ne4 Bb4 24. Bd2 Bxd2 25. Qxd2 h6 26. Rac1 Rf7 27. Bc6 Qa6 28. Bxd5 exd5 29. Ng3 g6 30. Re5 Kg7 31. Rce1 Rhf8 32. Re7 Qf6 33. Rxf7+ Rxf7 34. Qe3 Kh7 35. b4 h5 36. a4 Qb6 37. b5 Qa5 38. Ra1 Qd8 39. a5 Re7 40. Qd2 Re6 41. b6 Re7 42. Rb1 Rb7 43. Qb4 Nxg2 44. Kxg2 h4 45. a6 Rf7 46. Qd2 Qf6 47. Qe3 hxg3 48. fxg3 Qf5 49. Re1 Qc2+ 50. Qe2 Qc6 51. b7 Qb6 52. Qe6 1-0

[Event "Oberliga Bayern 2122"]
[Site "Bayern"]
[Date "2022.04.03"]
[Round "7.6"]
[White "Heimrath, Reiner"]
[Black "Hassa, Marcus"]
[Result "1-0"]
[WhiteElo "2212"]
[BlackElo "1936"]
[PlyCount "185"]
[EventDate "2021.10.24"]
[EventType "team-tourn"]
[EventRounds "9"]
[EventCountry "GER"]
[SourceTitle "EXT 2024"]
[Source "ChessBase"]
[SourceDate "2023.10.10"]
[SourceVersion "1"]
[SourceVersionDate "2023.10.10"]
[SourceQuality "1"]
[WhiteTeam "Nuernberg NT"]
[BlackTeam "Bindlach Aktionaer"]
[WhiteTeamCountry "GER"]
[BlackTeamCountry "GER"]

1. e4 c5 2. Nc3 a6 3. g3 b5 4. Bg2 Bb7 5. a3 g6 6. d3 Bg7 7. Nge2 Nf6 8. 0-0 d5 9. e5 Ng4 10. e6 0-0 11. Nf4 Nf6 12. exf7+ Rxf7 13. Ne6 Qb6 14. Qe2 Nbd7 15. Bf4 d4 16. Bc7 Qa7 17. Ne4 Nxe4 18. Bxe4 Bxe4 19. Qxe4 Rc8 20. Bf4 Nf6 21. Qg2 Qd7 22. Rae1 Nd5 23. Bg5 h6 24. Bc1 Rc6 25. Nxg7 Kxg7 26. Re5 Nf6 27. Rfe1 h5 28. h3 c4 29. Bg5 cxd3 30. cxd3 Rc2 31. b4 Ng8 32. R1e2 Rxe2 33. Rxe2 Qf5 34. Bc1 Qxd3 35. Qe4 Qxe4 36. Rxe4 Rf6 37. Bb2 Kf7 38. Bxd4 Re6 39. Rf4+ Nf6 40. Rf3 Re4 41. Rd3 Re6 42. Bc5 Ne4 43. Ba7 Nd6 44. Rf3+ Rf6 45. Rc3 Nc4 46. a4 e5 47. Bc5 Rc6 48. Rc1 Nb2 49. axb5 axb5 50. Rc3 Na4 51. Rf3+ Rf6 52. Re3 Nxc5 53. bxc5 Ke6 54. Rb3 Kd5 55. Rxb5 Rc6 56. Kg2 e4 57. Kf1 Rxc5 58. Rb6 Rc6 59. Rb5+ Kd4 60. Rb8 Re6 61. Ke2 Ke5 62. Ke3 Kf5 63. Rf8+ Ke5 64. Rf4 Kd5 65. h4 Re5 66. Rf6 g5 67. hxg5 Rxg5 68. Rf8 Re5 69. Kf4 Re7 70. Rd8+ Kc4 71. Ke3 Rf7 72. Rd4+ Kc5 73. Rxe4 Kd5 74. Re8 Rh7 75. Kf4 h4 76. gxh4 Rxh4+ 77. Kg5 Rh2 78. f4 Rg2+ 79. Kf5 Rf2 80. Rd8+ Kc6 81. Kg5 Rg2+ 82. Kf6 Kc7 83. Rd1 Rf2 84. f5 Rf3 85. Kg6 Rg3+ 86. Kf7 Rf3 87. f6 Rf2 88. Kg7 Rg2+ 89. Kf8 Rf2 90. f7 Rf4 91. Rg1 Kd7 92. Kg8 Ke7 93. Rg7 1-0

[Event "Oberliga Bayern 2122"]
[Site "Bayern"]
[Date "2022.03.13"]
[Round "6.6"]
[White "Kobold, Jonathan"]
[Black "Heimrath, Reiner"]
[Result "0-1"]
[WhiteElo "1830"]
[BlackElo "2212"]
[PlyCount "30"]
[EventDate "2021.10.24"]
[EventType "team-tourn"]
[EventRounds "9"]
[EventCountry "GER"]
[SourceTitle "EXT 2024"]
[Source "ChessBase"]
[SourceDate "2023.10.10"]
[SourceVersion "1"]
[SourceVersionDate "2023.10.10"]
[SourceQuality "1"]
[WhiteTeam "Weilheim"]
[BlackTeam "Nuernberg NT"]
[WhiteTeamCountry "GER"]
[BlackTeamCountry "GER"]

1. e4 e5 2. Nf3 Nc6 3. Bc4 Nf6 4. Ng5 d5 5. exd5 Nd4 6. c3 b5 7. cxd4 bxc4 8. dxe5 Nxd5 9. Qf3 Qxg5 10. Qxd5 Rb8 11. f4 Qg6 12. Nc3 Be7 13. 0-0 Bb7 14. Qb5+ Bc6 15. Qxb8+ Kd7 0-1

[Event "Oberliga Bayern 2122"]
[Site "Bayern"]
[Date "2021.11.14"]
[Round "2.7"]
[White "Heimrath, Reiner"]
[Black "Ruecker, Benjamin"]
[Result "1/2-1/2"]
[WhiteElo "2212"]
[BlackElo "2158"]
[PlyCount "150"]
[EventDate "2021.10.24"]
[EventType "team-tourn"]
[EventRounds "9"]
[EventCountry "GER"]
[SourceTitle "EXT 2023"]
[Source "ChessBase"]
[SourceDate "2022.10.05"]
[SourceVersion "1"]
[SourceVersionDate "2022.10.05"]
[SourceQuality "1"]
[WhiteTeam "Nuernberg NT"]
[BlackTeam "Garching"]
[WhiteTeamCountry "GER"]
[BlackTeamCountry "GER"]

1. e4 c5 2. Nc3 d6 3. g3 g6 4. Bg2 Bg7 5. Nge2 Nc6 6. d3 e6 7. 0-0 Nge7 8. a3 Rb8 9. Be3 Nd4 10. Qd2 0-0 11. Rac1 Nxe2+ 12. Qxe2 b6 13. Qd2 Re8 14. Bh6 Bh8 15. Bg5 Bb7 16. Rce1 Qd7 17. h4 Nc6 18. Nd1 d5 19. exd5 exd5 20. c3 d4 21. c4 Ne5 22. f3 b5 23. b3 bxc4 24. bxc4 h5 25. Bf4 Qa4 26. Bxe5 Bxe5 27. f4 Bxg2 28. Qxg2 Bg7 29. f5 Rxe1 30. Rxe1 Rb1 31. Qe2 Kh7 32. Rf1 Qxa3 33. fxg6+ fxg6 34. Rf7 Qa4 35. Rf1 Qd7 36. Qc2 Qb7 37. Kh2 a5 38. Kh3 Qd7+ 39. Kh2 Rb6 40. Nf2 a4 41. Ra1 Qb7 42. Qxa4 Qf3 43. Ra2 Rb1 44. Qa8 Qe3 45. Kg2 Qc1 46. Qe4 Qf1+ 47. Kh2 Qg1+ 48. Kh3 Re1 49. Qg2 Qxg2+ 50. Kxg2 Re3 51. Ra7 Kg8 52. Ra8+ Bf8 53. Ne4 Kf7 54. Ng5+ Kg8 55. Rc8 Kg7 56. Rc7+ Be7 57. Ne4 Kf8 58. Nxc5 Bxc5 59. Rxc5 Ke7 60. Rg5 Kf6 61. Kf2 Rxd3 62. Ke2 Re3+ 63. Kd2 Rc3 64. c5 Kf7 65. Rd5 Kg7 66. Rxd4 Rxc5 67. Ke3 g5 68. hxg5 Kg6 69. Rd8 Kxg5 70. Rg8+ Kf5 71. Kf3 Rc3+ 72. Kg2 Rc2+ 73. Kh3 Rc4 74. Rb8 Ra4 75. Rb5+ Kg6 1/2-1/2

[Event "Bayern-chI Bank Hofmann 24th"]
[Site "Tegernsee"]
[Date "2021.11.01"]
[Round "3"]
[White "Morawietz, Dieter"]
[Black "Heimrath, Reiner"]
[Result "1-0"]
[WhiteElo "2396"]
[BlackElo "2159"]
[PlyCount "137"]
[EventDate "2021.10.30"]
[EventType "swiss"]
[EventRounds "9"]
[EventCountry "GER"]
[SourceTitle "CBM 205 Extra"]
[Source "ChessBase"]
[SourceDate "2022.01.31"]
[SourceVersion "1"]
[SourceVersionDate "2022.01.31"]
[SourceQuality "1"]

1. d4 Nf6 2. c4 g6 3. Nc3 Bg7 4. e4 d6 5. Nf3 0-0 6. Be2 c6 7. 0-0 a5 8. Be3 Re8 9. Ne1 a4 10. f4 Qa5 11. Rc1 e5 12. fxe5 dxe5 13. d5 Na6 14. Nd3 Nb4 15. Nf2 a3 16. b3 Nd7 17. Ng4 Nc5 18. Nf6+ Bxf6 19. Rxf6 Nxa2 20. Nxa2 Nxe4 21. Rf1 f5 22. dxc6 bxc6 23. Bf3 Rd8 24. Qc2 Nd2 25. b4 Nxf3+ 26. gxf3 Qc7 27. Rfe1 f4 28. Bc5 Bf5 29. Qe2 Qg7 30. Rcd1 Qf6 31. Nc3 Rxd1 32. Rxd1 e4 33. Bd4 Qg5+ 34. Qg2 Qh5 35. fxe4 Bh3 36. Qf2 Qg4+ 37. Kh1 a2 38. Ne2 f3 39. Ng3 Rd8 40. Re1 h5 41. Bf6 Rd7 42. c5 Qe6 43. Qxf3 Rd2 44. Rg1 Bg4 45. Qf4 Rd3 46. Rf1 Kh7 47. Bb2 Qe7 48. Kg1 Rb3 49. Bf6 Qf7 50. Qd6 Rb1 51. Qd8 Rxf1+ 52. Nxf1 g5 53. Ne3 Be6 54. Nc2 Kg6 55. Bc3 Qf3 56. Qe8+ Bf7 57. Qe5 h4 58. Qf5+ Qxf5 59. exf5+ Kxf5 60. Nd4+ Ke4 61. Nxc6 g4 62. Ne5 Be6 63. b5 Kd5 64. b6 Bc8 65. c6 Kd6 66. b7 Bxb7 67. cxb7 Kc7 68. Nxg4 Kxb7 69. Kg2 1-0

[Event "Bayern-ch 92th"]
[Site "Lichtenfels"]
[Date "2021.08.26"]
[Round "7"]
[White "Lohr, Maximilian"]
[Black "Heimrath, Reiner"]
[Result "1/2-1/2"]
[WhiteElo "2011"]
[BlackElo "2170"]
[PlyCount "75"]
[EventDate "2021.08.22"]
[EventType "swiss"]
[EventRounds "9"]
[EventCountry "GER"]
[SourceTitle "EXT 2023"]
[Source "ChessBase"]
[SourceDate "2022.10.05"]
[SourceVersion "1"]
[SourceVersionDate "2022.10.05"]
[SourceQuality "1"]

1. e4 e5 2. Nf3 Nc6 3. d4 exd4 4. Nxd4 Bc5 5. Nb3 Be7 6. Nc3 Nf6 7. Be3 d6 8. f3 0-0 9. Qd2 Re8 10. 0-0-0 a5 11. Bb5 Bd7 12. Bxc6 bxc6 13. Nd4 c5 14. Nde2 Qb8 15. Nf4 Be6 16. Ncd5 Bxd5 17. Nxd5 Nxd5 18. exd5 Bf6 19. c3 Qb5 20. Rhe1 Qc4 21. Kb1 Rab8 22. Bg5 Rxe1 23. Rxe1 Bxc3 24. Qc2 Qd4 25. Qb3 Bb4 26. Re4 Qg1+ 27. Bc1 Rf8 28. Qc2 c4 29. h3 c3 30. b3 g6 31. h4 Rb8 32. h5 a4 33. Qe2 gxh5 34. Kc2 axb3+ 35. axb3 Bc5 36. Bh6 Qf2 37. Qxf2 Bxf2 38. Kxc3 1/2-1/2

[Event "Bayern-ch 92th"]
[Site "Lichtenfels"]
[Date "2021.08.25"]
[Round "6"]
[White "Heimrath, Reiner"]
[Black "Schulz, Lukas"]
[Result "0-1"]
[WhiteElo "2170"]
[BlackElo "2274"]
[PlyCount "118"]
[EventDate "2021.08.22"]
[EventType "swiss"]
[EventRounds "9"]
[EventCountry "GER"]
[SourceTitle "EXT 2023"]
[Source "ChessBase"]
[SourceDate "2022.10.05"]
[SourceVersion "1"]
[SourceVersionDate "2022.10.05"]
[SourceQuality "1"]

1. e4 c5 2. d3 g6 3. g3 d5 4. Nc3 dxe4 5. dxe4 Qxd1+ 6. Nxd1 b6 7. Bb5+ Bd7 8. Bxd7+ Nxd7 9. Ne3 Bg7 10. Nf3 Ngf6 11. Nd2 h5 12. h3 0-0-0 13. a4 Nf8 14. h4 Ne6 15. f3 Bh6 16. Ndc4 Nd4 17. Kf2 Kc7 18. Ra3 a6 19. c3 Nc6 20. Ra1 b5 21. axb5 axb5 22. Na3 Kb6 23. Rb1 Ne5 24. Ke2 Rd7 25. Rd1 Rxd1 26. Nxd1 Bxc1 27. Rxc1 Rd8 28. Ne3 c4 29. Rb1 Kc5 30. Nac2 Ra8 31. Nb4 Nc6 32. Nxc6 Kxc6 33. Nc2 Kc5 34. Nb4 Nd7 35. Rd1 Nb6 36. Ke3 Ra7 37. g4 Ra8 38. gxh5 gxh5 39. Nd5 Rd8 40. Kf4 e6 41. Ne3 Rxd1 42. Nxd1 f6 43. Ne3 Kd6 44. e5+ fxe5+ 45. Kg5 Nd5 46. Ng2 Ke7 47. Kxh5 Kf6 48. Kg4 Kg6 49. h5+ Kh6 50. Kh4 Ne7 51. Kg4 Nd5 52. Nh4 Ne3+ 53. Kg3 Kxh5 54. Kh3 Nd5 55. Kg3 Nf4 56. Ng2 Nxg2 57. Kxg2 Kg5 58. Kf2 Kf4 59. Ke2 e4 0-1

[Event "Bayern-ch 92th"]
[Site "Lichtenfels"]
[Date "2021.08.23"]
[Round "2"]
[White "Heimrath, Reiner"]
[Black "Wisnet, Dominic"]
[Result "1/2-1/2"]
[WhiteElo "2170"]
[BlackElo "2304"]
[PlyCount "61"]
[EventDate "2021.08.22"]
[EventType "swiss"]
[EventRounds "9"]
[EventCountry "GER"]
[SourceTitle "EXT 2023"]
[Source "ChessBase"]
[SourceDate "2022.10.05"]
[SourceVersion "1"]
[SourceVersionDate "2022.10.05"]
[SourceQuality "1"]

1. e4 c5 2. Nc3 g6 3. g3 Bg7 4. Bg2 Nc6 5. Nge2 e6 6. d3 Nge7 7. Nf4 Rb8 8. h4 b5 9. h5 Nd4 10. Nb1 d6 11. c3 Ndc6 12. a3 a5 13. Ne2 b4 14. axb4 axb4 15. Bg5 0-0 16. hxg6 fxg6 17. Nd2 bxc3 18. bxc3 Ne5 19. 0-0 h6 20. Bxe7 Qxe7 21. Qc2 h5 22. d4 Ng4 23. e5 dxe5 24. Qxg6 exd4 25. Qxh5 Nf6 26. Qe5 Rb2 27. Nc4 Ne8 28. Qh5 Nf6 29. Qe5 Ne8 30. Qh5 Nf6 31. Qe5 1/2-1/2

[Event "BL2-Ost 1920"]
[Site "Germany"]
[Date "2021.08.07"]
[Round "9.6"]
[White "Berchtenbreiter, Maximilian"]
[Black "Heimrath, Reiner"]
[Result "1-0"]
[WhiteElo "2467"]
[BlackElo "2217"]
[PlyCount "91"]
[EventDate "2019.10.19"]
[EventType "team-tourn"]
[EventRounds "11"]
[EventCountry "GER"]
[SourceTitle "EXT 2023"]
[Source "ChessBase"]
[SourceDate "2022.10.05"]
[SourceVersion "1"]
[SourceVersionDate "2022.10.05"]
[SourceQuality "1"]
[WhiteTeam "Muenchen SC"]
[BlackTeam "Nuernberg NT"]
[WhiteTeamCountry "GER"]
[BlackTeamCountry "GER"]

1. e4 e5 2. Nf3 Nc6 3. Bc4 Nf6 4. d3 Be7 5. c3 d6 6. Bb3 0-0 7. Nbd2 Kh8 8. h3 Ng8 9. g4 Be6 10. Nf1 d5 11. Qe2 Na5 12. Bxd5 Bxd5 13. exd5 Qxd5 14. Ne3 Qe6 15. b4 Nc6 16. b5 Na5 17. 0-0 a6 18. Rb1 Nh6 19. c4 e4 20. Nd4 Qd7 21. Nef5 Nxf5 22. Nxf5 Rfe8 23. Qxe4 Bf8 24. Qf3 axb5 25. cxb5 Re5 26. a4 Rd5 27. Rd1 Nc4 28. Bf4 Ne5 29. Bxe5 Rxe5 30. Qxb7 Rc8 31. b6 g6 32. Nd4 Rc5 33. a5 Kg7 34. Qxc8 Qxc8 35. b7 Qd8 36. Nc6 Qh4 37. b8Q Rc2 38. Rf1 Bd6 39. Qe8 Qxh3 40. Ne5 Kf6 41. Nd7+ Kg7 42. Ne5 Kf6 43. Qxf7+ Kxe5 44. Rfe1+ Kd4 45. Re4+ Kc3 46. Rc4+ 1-0

[Event "Staufer op 32nd"]
[Site "Schwaebisch Gmuend"]
[Date "2020.01.04"]
[Round "5"]
[White "Heimrath, Reiner"]
[Black "Unzicker, Ferdinand"]
[Result "1-0"]
[WhiteElo "2206"]
[BlackElo "2322"]
[PlyCount "59"]
[EventDate "2020.01.02"]
[EventType "swiss"]
[EventRounds "9"]
[EventCountry "GER"]
[SourceTitle "CBM 194 Extra"]
[Source "ChessBase"]
[SourceDate "2020.03.31"]
[SourceVersion "1"]
[SourceVersionDate "2020.03.31"]
[SourceQuality "1"]

1. e4 c5 2. Nc3 Nc6 3. g3 g6 4. Bg2 Bg7 5. h4 Nf6 6. Nd5 e6 7. Nxf6+ Bxf6 8. h5 d5 9. d3 dxe4 10. Bxe4 Bd7 11. Nf3 Qe7 12. c3 0-0-0 13. Qb3 g5 14. Be3 g4 15. Qb5 gxf3 16. Bxc5 Qe8 17. Bxa7 Qg8 18. Be3 Qg7 19. Kf1 Be5 20. h6 Qf6 21. Rh5 Bd6 22. a4 Qe7 23. a5 Be8 24. a6 f5 25. Bxf3 bxa6 26. Rxa6 Nb8 27. Qc4+ Qc7 28. Qxe6+ Rd7 29. Ra7 Qd8 30. Bb7+ 1-0

[Event "GER-ch 37th"]
[Site "Magdeburg"]
[Date "2019.05.29"]
[Round "5"]
[White "Maetzkow, Maximilian Paul"]
[Black "Heimrath, Reiner"]
[Result "1-0"]
[WhiteElo "2338"]
[BlackElo "2239"]
[PlyCount "133"]
[EventDate "2019.05.26"]
[EventType "swiss"]
[EventRounds "9"]
[EventCountry "GER"]
[SourceTitle "CBM 190 Extra"]
[Source "ChessBase"]
[SourceDate "2019.07.15"]
[SourceVersion "1"]
[SourceVersionDate "2019.07.15"]
[SourceQuality "1"]

1. d4 Nf6 2. Nf3 g6 3. g3 Bg7 4. Bg2 0-0 5. 0-0 d6 6. c4 Nc6 7. Nc3 a6 8. b3 e5 9. Bb2 Bg4 10. dxe5 dxe5 11. h3 Bf5 12. Nd5 Re8 13. Ne3 Be4 14. Qxd8 Raxd8 15. Rfd1 Rd7 16. Rxd7 Nxd7 17. Rd1 Nc5 18. Nd5 Ne6 19. Nc3 Bxf3 20. Bxf3 Ned4 21. Bd5 e4 22. e3 Ne2+ 23. Nxe2 Bxb2 24. g4 Rd8 25. Ng3 Kf8 26. Rb1 Ba3 27. Nxe4 Nb4 28. Bxb7 Rb8 29. Nc5 Ke7 30. Bf3 Rd8 31. Ne4 f5 32. gxf5 gxf5 33. Nc3 c6 34. Rd1 Rxd1+ 35. Bxd1 Bb2 36. Ne2 Nxa2 37. Bc2 Kf6 38. Ng3 f4 39. Nh5+ Ke7 40. Nxf4 Nc1 41. Kg2 Ba1 42. Kf3 Kd6 43. Ne2 Na2 44. Bxh7 Kc5 45. Bb1 Nb4 46. h4 Bg7 47. Nd4 Kb6 48. h5 c5 49. Ne6 Bh8 50. Be4 Na2 51. h6 Nc1 52. Bc2 Bf6 53. h7 Na2 54. Ng5 Ka5 55. Ne4 Bh8 56. Nxc5 Nb4 57. Be4 Na2 58. Ne6 Kb4 59. c5 Nc3 60. c6 Nb5 61. c7 Nd6 62. Bb7 a5 63. c8Q Nxc8 64. Bxc8 Kxb3 65. Bd7 a4 66. Bxa4+ Kxa4 67. Nd8 1-0

[Event "GER-ch 37th"]
[Site "Magdeburg"]
[Date "2019.05.28"]
[Round "3"]
[White "Bastian, Herbert"]
[Black "Heimrath, Reiner"]
[Result "1-0"]
[WhiteElo "2297"]
[BlackElo "2239"]
[PlyCount "57"]
[EventDate "2019.05.26"]
[EventType "swiss"]
[EventRounds "9"]
[EventCountry "GER"]
[SourceTitle "CBM 190 Extra"]
[Source "ChessBase"]
[SourceDate "2019.07.15"]
[SourceVersion "1"]
[SourceVersionDate "2019.07.15"]
[SourceQuality "1"]

1. e4 c5 2. Nc3 Nc6 3. g3 g6 4. Bg2 Bg7 5. d3 d6 6. Be3 Rb8 7. Qd2 b5 8. Nd1 e5 9. c3 b4 10. Ne2 Nge7 11. 0-0 bxc3 12. bxc3 0-0 13. Bh6 Qa5 14. Bxg7 Kxg7 15. Ne3 Be6 16. f4 f6 17. f5 Bg8 18. fxg6 hxg6 19. Ng4 g5 20. h4 Be6 21. Bh3 Bxg4 22. Bxg4 Kg6 23. Rf2 Nd4 24. Raf1 Nxe2+ 25. Bxe2 gxh4 26. gxh4 Ng8 27. Rg2+ Kh7 28. Rf5 Rb1+ 29. Kh2 1-0

[Event "Karlsruhe Grenke op"]
[Site "Karlsruhe"]
[Date "2019.04.22"]
[Round "9"]
[White "Heimrath, Reiner"]
[Black "Lubbe, Nikolas"]
[Result "1/2-1/2"]
[WhiteElo "2232"]
[BlackElo "2452"]
[PlyCount "49"]
[EventDate "2019.04.18"]
[EventType "swiss"]
[EventRounds "9"]
[EventCountry "GER"]
[SourceTitle "CBM 189 Extra"]
[Source "ChessBase"]
[SourceDate "2019.06.03"]
[SourceVersion "1"]
[SourceVersionDate "2019.06.03"]
[SourceQuality "1"]

1. e4 c5 2. Nc3 Nc6 3. g3 e5 4. Bg2 d6 5. Nd5 h5 6. h4 Bg4 7. Bf3 Bxf3 8. Nxf3 Nge7 9. c4 Qd7 10. d3 Nxd5 11. cxd5 Nd8 12. a4 Be7 13. Be3 f5 14. Nd2 0-0 15. f3 Nf7 16. Qe2 Rab8 17. Qg2 Nh8 18. Qh3 Ng6 19. 0-0 Rf7 20. Rfb1 Rbf8 21. b4 b6 22. bxc5 bxc5 23. a5 Bd8 24. Bg5 Ne7 25. Nc4 1/2-1/2